| 000 | 00444nam a2200181Ia 4500 | ||
|---|---|---|---|
| 001 | 14338 | ||
| 005 | 20260306164907.0 | ||
| 008 | 260306t1996||||xx |||||||||||||| ||spa|| | ||
| 041 | _aESP | ||
| 082 |
_a512.1 _bG73 |
||
| 100 |
_aGoodman, Arthur _eAUT |
||
| 245 | 0 | _aÁlgebra y trigonometría con geometría analítica | |
| 260 | _c1996 | ||
| 300 |
_a642 páginas : _c25 cm. |
||
| 650 | _aGEN | ||
| 654 | _aCMA | ||
| 942 |
_cLIB _dJUS _fJUS _2ddc _n |
||
| 999 |
_c14338 _d14338 |
||